000
00323nam a22001457a 4500
008
230419b ||||| |||| 00| 0 eng d
020
_a
0139364927
041
_a
eng
080
_a
030
082
_a
030AZA
100
_a
40
101
_a
ENCI
245
_a
UNDERSTADING USING ENGLISH GRAMMAR
_c
AZAR.S.B
942
_2
udc
_c
BK
999
_c
59599
_d
59599